| 000 | 00417cam a22001217a 4500 | ||
|---|---|---|---|
| 008 | 180718b1979 xxu||||| |||| 00| 0 eng d | ||
| 082 | _aA81x54 In2/71/16/PT5A | ||
| 100 | _aCensus of India 1971 | ||
| 245 | _aOrissa: special tables on scheduled castes and scheduled tribes | ||
| 260 |
_aNew Delhi _bThe Controller of Publications _c1979 |
||
| 300 | _a731+p. | ||
| 440 | _aCensus of India 1971. Series-16, Orissa. Part V-A | ||
| 999 |
_c485425 _d485425 |
||